Famous 'Ma' People by Picture Quiz Stats

Quiz Updated Jun 17, 2016

Challenge
Share
Tweet
Score 0/20 Timer 04:00
4 Plays Today
% Correct
Nelson Mandela
95.8%
Bob Marley
91.8%
Marilyn Manson
85.8%
Bruno Mars
85%
Peyton Manning
71.8%
Tobey Maguire
71%
John Malkovich
62.4%
Bill Maher
57.6%
Chris Martin
54.5%
Seth MacFarlane
53.9%
% Correct
William H. Macy
50.6%
Andie MacDowell
46.9%
Karl Marx
46.3%
Shirley MacLaine
45.4%
Rachel Maddow
41.5%
Brian May
39.2%
Karl Malone
36.5%
Michael Madsen
31.8%
Rooney Mara
30%
Julianna Margulies
29.4%

You're not logged in!

Compare scores with friends on all Sporcle quizzes.
Join for Free
OR
Log In

You Might Also Like...

Show Comments

Extras

Top Quizzes Today


Score Distribution

Your Account Isn't Verified!

In order to create a playlist on Sporcle, you need to verify the email address you used during registration. Go to your Sporcle Settings to finish the process.

Report this User

Report this user for behavior that violates our Community Guidelines.

Details: